000 00454nam a22001817a 4500
005 20240902112819.0
008 240831b |||||||| |||| 00| 0 eng d
020 _a978-93-5270-034-9
041 _aeng
082 _a614.44 RAH
100 _aRAHIM, ASMA
_98469
245 _aPRINCIPLES AND PRACTICE OF COMMUNITY MEDICINE
250 _a2ND ,ED-2017
260 _aNEW DELHI
_bJAYPEE BROTHERS
_c2017
300 _a758;P
650 _aBPT
942 _cBK
999 _c8596
_d8594